[Event "7th Sunway Sitges 2020"]
[Site "Sitges ESP"]
[Date "2020.12.19"]
[Round "6.57"]
[White "Sperat Czar, Nicolas"]
[Black "Altisen Palmada, Roberto"]
[Result "1-0"]
[WhiteElo "1775"]
[BlackElo "2102"]
[WhiteFideId "551007827"]
[BlackFideId "2208652"]
[EventDate "2020.12.13"]

1. e4 c5 2. Nf3 g6 3. d4 cxd4 4. Nxd4 Bg7 5. Bc4 Nc6 6. Be3 Nf6 7. Nc3 O-O 8.
Be2 d6 9. O-O h6 10. h3 Re8 11. Qd2 Bd7 12. Rfd1 Rc8 13. Rac1 Nxd4 14. Bxd4 Bc6
15. f3 Qa5 16. a3 Qh5 17. Be3 Nd7 18. Bg5 Bd4+ 19. Kh2 Be5+ 20. Kh1 Bxc3 1-0

[Event "7th Sunway Sitges 2020"]
[Site "Sitges ESP"]
[Date "2020.12.19"]
[Round "6.58"]
[White "Lohia, Sohum"]
[Black "Perez Bolanos, Joel"]
[Result "0-1"]
[WhiteElo "1987"]
[BlackElo "2058"]
[WhiteFideId "5819369"]
[BlackFideId "24564419"]
[EventDate "2020.12.13"]

1. e4 c5 2. Nf3 d6 3. d4 cxd4 4. Nxd4 Nf6 5. Nc3 g6 6. Be3 Bg7 7. f3 Nc6 8. Qd2
O-O 9. O-O-O d5 10. exd5 Nxd5 11. Nxc6 bxc6 12. Bd4 Bxd4 13. Qxd4 Qb6 14. Na4
Qa5 15. Kb1 e5 16. Qh4 Rb8 17. Rxd5 cxd5 18. b3 Rb4 19. Qf6 Qxa4 20. Qxe5 Bf5
21. Qb2 Qc6 22. g4 Be6 23. Bd3 Rfb8 24. h4 d4 25. Be4 Qc3 26. Qc1 Bxb3 27. cxb3
Rxb3+ 28. axb3 Qxb3+ 29. Ka1 Qa4+ 0-1

[Event "7th Sunway Sitges 2020"]
[Site "Sitges ESP"]
[Date "2020.12.19"]
[Round "6.59"]
[White "Rut, Vojtech"]
[Black "Lobo Pereira, Arami"]
[Result "1-0"]
[WhiteElo "2057"]
[BlackElo "1786"]
[WhiteFideId "333190"]
[BlackFideId "24560588"]
[EventDate "2020.12.13"]

1. e4 e6 2. Nf3 d5 3. e5 c5 4. b4 d4 5. bxc5 Bxc5 6. Ba3 Bxa3 7. Nxa3 a6 8. Nc4
Nc6 9. Bd3 Nge7 10. Qe2 Nd5 11. Qe4 f5 12. exf6 Nxf6 13. Qh4 O-O 14. O-O Qd5 15.
Nb6 Qc5 16. Nxa8 b5 17. Qg3 Bb7 18. Nc7 1-0

[Event "7th Sunway Sitges 2020"]
[Site "Sitges ESP"]
[Date "2020.12.19"]
[Round "6.60"]
[White "Khoury, Theo"]
[Black "Fernandez Alonso, Miguel Angel"]
[Result "0-1"]
[WhiteElo "1732"]
[BlackElo "2045"]
[WhiteFideId "480703"]
[BlackFideId "2253852"]
[EventDate "2020.12.13"]

1. e4 c5 2. Nf3 Nc6 3. c3 Nf6 4. e5 Nd5 5. d4 cxd4 6. cxd4 d6 7. Bc4 Nb6 8. Bb5
Bd7 9. Nc3 e6 10. O-O d5 11. Bg5 Be7 12. Bxe7 Qxe7 13. a3 O-O 14. Qe2 Rac8 15.
Rac1 a6 16. Bd3 f5 17. b4 Nb8 18. Rfe1 Nc4 19. Qa2 b5 20. Nd2 Nc6 21. Ne2 a5 22.
Bxc4 dxc4 23. bxa5 Nxa5 24. Nc3 Bc6 25. Rb1 Rb8 26. Rb4 Qd7 27. Ne2 Ra8 28. Qb2
Rfd8 29. f3 Qa7 30. a4 bxa4 31. Nxc4 Nxc4 32. Rxc4 Bd5 33. Rb4 a3 34. Qa1 Rdb8
35. Rbb1 a2 36. Rbd1 Rc8 37. Nc3 Bb3 38. Rd3 Bc2 39. Rd2 Rxc3 40. Qxc3 a1=Q 41.
Rxa1 Qxa1+ 42. Qxa1 Rxa1+ 43. Kf2 Bb3 44. Kg3 Rd1 45. Rb2 Bd5 46. Rb4 g5 47. h4
h6 48. hxg5 hxg5 49. Ra4 Kf7 50. Kf2 Kg6 51. Ke2 Rb1 52. Kf2 Rb2+ 53. Kg3 g4 54.
Ra3 gxf3 55. gxf3 Rd2 56. Kf4 Rxd4+ 57. Ke3 Rh4 0-1

[Event "7th Sunway Sitges 2020"]
[Site "Sitges ESP"]
[Date "2020.12.19"]
[Round "6.63"]
[White "Gayon, Benoit"]
[Black "Gutierrez Palomino, Albert"]
[Result "1-0"]
[WhiteElo "1891"]
[BlackElo "1984"]
[WhiteFideId "632040"]
[BlackFideId "54565693"]
[EventDate "2020.12.13"]

1. e4 e6 2. d4 d5 3. e5 c5 4. c3 Qb6 5. Nf3 Nc6 6. a3 c4 7. Be2 Na5 8. Nbd2 Bd7
9. O-O Ne7 10. Nh4 g5 11. Nhf3 h6 12. Ne1 O-O-O 13. Bh5 Ng6 14. Qc2 Be8 15. Rb1
Nf4 16. Bd1 Qc7 17. b4 cxb3 18. Nxb3 Ba4 19. Qa2 Nxb3 20. Bxb3 Bb5 21. c4 dxc4
22. Bd1 Ba6 23. Bxf4 gxf4 24. Nf3 Kb8 25. Be2 Rc8 26. Rfc1 Qc6 27. Nd2 c3 28.
Bxa6 Qxa6 29. Ne4 Bxa3 30. Nc5 Rxc5 31. dxc5 Bb2 32. Qxa6 bxa6 33. Rxc3 Rd8 34.
Rxb2+ Kc7 35. Kf1 1-0

[Event "7th Sunway Sitges 2020"]
[Site "Sitges ESP"]
[Date "2020.12.20"]
[Round "7.1"]
[White "Santos Latasa, Jaime"]
[Black "Cheparinov, Ivan"]
[Result "1/2-1/2"]
[WhiteTitle "GM"]
[BlackTitle "GM"]
[WhiteElo "2588"]
[BlackElo "2660"]
[WhiteFideId "2293307"]
[BlackFideId "2905540"]
[EventDate "2020.12.13"]

1. e4 e5 2. Nf3 Nc6 3. Bb5 a6 4. Ba4 Nf6 5. O-O Nxe4 6. d4 b5 7. Bb3 d5 8. dxe5
Be6 9. Nbd2 Nc5 10. c3 d4 11. Bxe6 Nxe6 12. cxd4 Ncxd4 13. a4 Bb4 14. axb5 Nxb5
15. Nc4 O-O 16. Be3 a5 17. h3 h6 18. Qe2 c5 19. Rfd1 Nbd4 20. Bxd4 cxd4 21. Qe4
Bc5 22. Ne1 Be7 23. Nd3 Nc5 24. Nxc5 Bxc5 25. Rac1 Qe7 26. Nd2 Rab8 27. Qd5 Bb4
28. Nf3 Rfd8 29. Qc4 Qe8 30. Rxd4 Rdc8 31. Qf1 Bf8 32. Rd2 Rxc1 33. Qxc1 Qb5 34.
Qc7 Rb7 35. Qc8 Rb8 36. Qf5 Qc4 37. Kh2 g6 38. Qf6 Bg7 39. Qd6 Re8 40. g3 Qe4
41. Qd5 Qxd5 42. Rxd5 Rb8 43. Rxa5 Rxb2 44. Kg2 Re2 45. Ra4 Rb2 46. h4 Rb5 47.
Ra8+ Kh7 48. Re8 Ra5 49. Kf1 Rb5 50. Ke2 Ra5 51. Ke3 Ra3+ 52. Ke2 Ra5 53. Kf1
Rb5 54. Kg2 Ra5 55. g4 Ra4 56. g5 Re4 57. Kh3 Re2 58. gxh6 Bxh6 59. Kg3 Re4 60.
Rd8 Bf4+ 61. Kg2 Kg7 62. Rd5 Kf8 63. Kf1 Kg7 64. Ra5 Kf8 65. Rd5 Kg7 66. Ra5 1/2-1/2

[Event "7th Sunway Sitges 2020"]
[Site "Sitges ESP"]
[Date "2020.12.20"]
[Round "7.2"]
[White "Niemann, Hans Moke"]
[Black "Moussard, Jules"]
[Result "1/2-1/2"]
[WhiteTitle "IM"]
[BlackTitle "GM"]
[WhiteElo "2478"]
[BlackElo "2626"]
[WhiteFideId "2093596"]
[BlackFideId "642908"]
[EventDate "2020.12.13"]

1. d4 Nf6 2. c4 g6 3. Nc3 d5 4. cxd5 Nxd5 5. e4 Nxc3 6. bxc3 Bg7 7. Be3 c5 8.
Qd2 Qa5 9. Rc1 cxd4 10. cxd4 Qxd2+ 11. Kxd2 O-O 12. Bb5 Rd8 13. Ne2 a6 14. Bc4
e6 15. Rhd1 Nc6 16. Ke1 b5 17. d5 Na5 18. Bd3 Nb7 19. Bb6 Re8 20. Kf1 exd5 21.
exd5 Be5 22. Ng3 Nd6 23. Bc7 Bb7 24. Ne2 g5 25. h4 h6 26. hxg5 hxg5 27. g3 g4
28. Bxd6 Bxd6 29. Bf5 Rad8 30. Bxg4 Be5 31. Bf3 Re7 32. Nd4 Bxd4 33. Rxd4 Red7
34. Rc5 Kf8 35. Ke2 Ke7 36. Ke3 Kd6 37. Rc6+ Ke7 38. Rc5 Kd6 39. Rc1 Re7+ 40.
Kf4 Rc8 41. Rh1 Rc4 42. Rxc4 bxc4 43. Rh6+ Kc5 44. d6 Rd7 45. Bxb7 Rxb7 46. Ke5
Rb2 47. d7 Rd2 48. Rxa6 Rxd7 49. Ra8 Re7+ 50. Kf6 Rc7 51. Rh8 Kb4 52. Rh1 Ka3
53. f4 Kxa2 54. f5 c3 55. g4 c2 56. g5 Kb2 57. Rh2 1/2-1/2

[Event "7th Sunway Sitges 2020"]
[Site "Sitges ESP"]
[Date "2020.12.20"]
[Round "7.3"]
[White "Korobov, Anton"]
[Black "Lopez Martinez, Josep Manuel"]
[Result "1-0"]
[WhiteTitle "GM"]
[BlackTitle "GM"]
[WhiteElo "2693"]
[BlackElo "2542"]
[WhiteFideId "14105730"]
[BlackFideId "2212943"]
[EventDate "2020.12.13"]

1. d4 d5 2. c4 e6 3. Nc3 Nf6 4. cxd5 exd5 5. Bg5 c6 6. e3 h6 7. Bh4 Bf5 8. Qf3
Be6 9. Bxf6 Qxf6 10. Qxf6 gxf6 11. Bd3 Nd7 12. Nge2 a5 13. f3 Bd6 14. Kf2 f5 15.
Nf4 Bxf4 16. exf4 Ke7 17. g4 Kf6 18. h3 Nb6 19. Rae1 Nc8 20. Ne2 h5 21. g5+ Kg6
22. h4 Ne7 23. Ng3 Rhd8 24. Re5 Rd6 25. Rc1 a4 26. a3 Rdd8 27. Ke1 Rd6 28. Kd2
b6 29. Rc3 Ra5 30. Re1 c5 31. Rec1 c4 32. Bc2 Nc6 33. Ne2 b5 34. Re3 b4 35. axb4
Nxb4 36. Ra1 Rb6 37. Rxa4 Rxa4 38. Bxa4 Nd3 39. b3 cxb3 40. Rxd3 b2 41. Bc2 b1=Q
42. Bxb1 Rxb1 43. Ke3 Rf1 44. Rb3 Rh1 45. Kf2 Rh2+ 46. Kf1 Rh1+ 47. Kg2 Re1 48.
Kf2 Rh1 49. Rb6 Rh2+ 50. Kf1 Rh1+ 51. Kg2 Re1 52. Nc3 1-0

[Event "7th Sunway Sitges 2020"]
[Site "Sitges ESP"]
[Date "2020.12.20"]
[Round "7.4"]
[White "Checa, Nicolas"]
[Black "Grigoryan, Karen H."]
[Result "1-0"]
[WhiteTitle "GM"]
[BlackTitle "GM"]
[WhiteElo "2527"]
[BlackElo "2651"]
[WhiteFideId "2069342"]
[BlackFideId "13301004"]
[EventDate "2020.12.13"]

1. d4 Nf6 2. c4 e6 3. Nf3 d5 4. Nc3 dxc4 5. e4 b5 6. e5 Nd5 7. Nxb5 Nb6 8. Be2
Be7 9. Be3 Qd7 10. Nc3 Nc6 11. a3 Bb7 12. Qc2 f5 13. exf6 gxf6 14. Na4 Na5 15.
Nc5 Bxc5 16. dxc5 Nd5 17. Bd2 Nb3 18. Rd1 Nxd2 19. Rxd2 Rg8 20. g3 O-O-O 21.
Qxc4 e5 22. O-O Rg4 23. Nxe5 Rxc4 24. Nxd7 Ra4 25. c6 Bxc6 26. Nc5 Ra5 27. Rc1
Ne7 28. Ba6+ Rxa6 29. Rxd8+ 1-0

[Event "7th Sunway Sitges 2020"]
[Site "Sitges ESP"]
[Date "2020.12.20"]
[Round "7.5"]
[White "Lagarde, Maxime"]
[Black "Flom, Gabriel"]
[Result "1/2-1/2"]
[WhiteTitle "GM"]
[BlackTitle "GM"]
[WhiteElo "2651"]
[BlackElo "2499"]
[WhiteFideId "662399"]
[BlackFideId "621650"]
[EventDate "2020.12.13"]

1. d4 d5 2. c4 c6 3. Nf3 Nf6 4. e3 Bf5 5. Nc3 e6 6. Nh4 Be4 7. f3 Bg6 8. Bd2 Be7
9. Nxg6 hxg6 10. Qc2 Qc7 11. O-O-O Nbd7 12. g4 Rxh2 13. Bd3 g5 14. cxd5 Nxd5 15.
Nxd5 exd5 16. e4 dxe4 17. fxe4 O-O-O 18. Qb3 Rxh1 19. Rxh1 Qg3 20. Bc2 Qxb3 21.
Bxb3 Nf6 22. e5 Nd5 23. Rh7 Rg8 24. Kc2 Kd7 25. Kd3 Ke6 26. Ke4 f6 27. a4 a6 28.
a5 fxe5 29. dxe5 Bd8 30. Bc4 Be7 31. Rh3 Rd8 32. Rh7 Rg8 33. Rh5 Bd8 34. Rh3 Bc7
35. Rb3 Rb8 36. Bc3 Rf8 37. Bd2 Rb8 38. Bxg5 Bxe5 39. Rb6 Bd6 40. Bf4 Kd7 41.
Bxd5 cxd5+ 42. Kf3 Bxf4 43. Kxf4 Kc7 44. Rg6 Re8 45. Rxg7+ Kc6 46. Rg6+ Kc5 47.
Rg7 Kc6 48. Rg6+ Kc5 49. Rg7 1/2-1/2

[Event "7th Sunway Sitges 2020"]
[Site "Sitges ESP"]
[Date "2020.12.20"]
[Round "7.6"]
[White "Santos Ruiz, Miguel"]
[Black "Sochacki, Christophe"]
[Result "1/2-1/2"]
[WhiteTitle "GM"]
[BlackTitle "IM"]
[WhiteElo "2581"]
[BlackElo "2469"]
[WhiteFideId "22291482"]
[BlackFideId "662569"]
[EventDate "2020.12.13"]

1. d4 Nf6 2. c4 e6 3. Nf3 a6 4. Nc3 d5 5. cxd5 exd5 6. Bg5 Be6 7. e3 Nbd7 8. h3
Bd6 9. Bd3 Qe7 10. O-O h6 11. Bf4 g5 12. Bxd6 Qxd6 13. Qb3 O-O-O 14. Rfc1 Rdg8
15. Qa3 Qxa3 16. bxa3 h5 17. h4 gxh4 18. Nxh4 Rg4 19. g3 Rhg8 20. Kf1 Nb6 21.
Rab1 Nfd7 22. a4 c6 23. Nf5 Rh8 24. Nd6+ Kc7 25. Nxb7 Kxb7 26. a5 h4 27. gxh4
Rhxh4 28. axb6 Rh1+ 29. Ke2 Rxc1 30. Rxc1 Nxb6 31. Rb1 Ka7 32. Rh1 c5 33. dxc5
Na4 34. Nxa4 Rxa4 35. Ra1 Ra5 36. Bc2 Kb7 37. Bb3 Kc6 38. Rd1 Rxc5 39. Rd4 Rc1
40. Ra4 Kb5 41. Kf3 a5 42. Rd4 Kc5 43. Kg2 Rc3 44. Kf3 Rc1 45. Kf4 Rh1 46. Kf3 1/2-1/2

[Event "7th Sunway Sitges 2020"]
[Site "Sitges ESP"]
[Date "2020.12.20"]
[Round "7.7"]
[White "Vasquez Schroeder, Rodrigo"]
[Black "Maze, Sebastien"]
[Result "1/2-1/2"]
[WhiteTitle "GM"]
[BlackTitle "GM"]
[WhiteElo "2459"]
[BlackElo "2557"]
[WhiteFideId "3400042"]
[BlackFideId "613762"]
[EventDate "2020.12.13"]

1. Nf3 Nf6 2. c4 e6 3. e3 d5 4. b3 c5 5. Bb2 Nc6 6. cxd5 exd5 7. Bb5 Bd6 8. O-O
O-O 9. d4 cxd4 10. Nxd4 Bc7 11. Nd2 Qd6 12. g3 a6 13. Bd3 Ne5 14. Bf5 Bxf5 15.
Nxf5 Qe6 16. Nh4 Rfe8 17. Rc1 Bb6 18. Ndf3 Neg4 19. Bd4 Bxd4 20. Nxd4 Qd7 21. h3
Ne5 22. Kg2 Ne4 23. Nhf3 f6 24. Qe2 Rac8 25. Rc2 Rxc2 26. Qxc2 Rc8 27. Qb1 Qc7
28. Qb2 Nd3 29. Qb1 Ndxf2 30. Ne2 Qc2 31. Qxc2 Rxc2 32. Nfd4 Rxa2 33. Rxf2 Nxf2
34. Kxf2 a5 35. Kf3 a4 36. bxa4 Rxa4 37. Nc3 Ra5 38. Ndb5 h5 39. Ke2 Kh7 40. Nc7
Ra1 41. N7xd5 Rh1 42. h4 Rh2+ 43. Kd3 Kh6 44. Ne2 g5 45. Nxf6 gxh4 46. gxh4 Kg6
47. Ne4 Rxh4 48. Nf4+ Kh6 49. Ng3 Rh2 50. Ngxh5 Rxh5 1/2-1/2

[Event "7th Sunway Sitges 2020"]
[Site "Sitges ESP"]
[Date "2020.12.20"]
[Round "7.8"]
[White "Plat, Vojtech"]
[Black "Narciso Dublan, Marc"]
[Result "1/2-1/2"]
[WhiteTitle "GM"]
[BlackTitle "GM"]
[WhiteElo "2552"]
[BlackElo "2495"]
[WhiteFideId "325740"]
[BlackFideId "2201500"]
[EventDate "2020.12.13"]

1. d4 d5 2. c4 c6 3. Nc3 Nf6 4. cxd5 cxd5 5. Bf4 e6 6. e3 Be7 7. Bd3 O-O 8. Rc1
Bd7 9. Nf3 Nh5 10. Be5 Nc6 11. g4 Nf6 12. g5 Nh5 13. h4 Qb6 14. Qe2 Rfc8 15. Bh2
Be8 16. a3 g6 17. Kf1 Na5 18. Kg2 Nc4 19. Rc2 Qd8 20. Nb1 Nd6 21. Rhc1 Ng7 22.
Bxd6 Bxd6 23. Rxc8 Rxc8 24. Rxc8 Qxc8 25. Nbd2 Nf5 26. Bxf5 exf5 27. Ne1 Qe6 28.
Qf3 Bb5 29. Kg1 f6 30. gxf6 Bc6 31. Ng2 Qxf6 32. Nf1 Qf7 33. Ng3 Bb5 34. Nf4 Bc4
35. Kg2 Be7 36. h5 Bd6 37. hxg6 hxg6 38. Kg1 Kf8 39. Nfe2 g5 40. Qh1 Kg7 41. Qh3
Bd3 42. Nc3 Qe6 43. Qh5 Qg6 44. Qxg6+ Kxg6 45. Nxd5 f4 46. exf4 gxf4 47. Nf1 Kf5
48. Nd2 Bf8 49. Nc3 Bg7 50. Nf3 Bc4 51. Kg2 Bf6 52. a4 a5 53. Nd2 1/2-1/2

[Event "7th Sunway Sitges 2020"]
[Site "Sitges ESP"]
[Date "2020.12.20"]
[Round "7.9"]
[White "Bellahcene, Bilel"]
[Black "Fier, Alexandr"]
[Result "0-1"]
[WhiteTitle "GM"]
[BlackTitle "GM"]
[WhiteElo "2510"]
[BlackElo "2549"]
[WhiteFideId "696358"]
[BlackFideId "2107139"]
[EventDate "2020.12.13"]

1. e4 c5 2. Nf3 e6 3. d4 cxd4 4. Nxd4 Nc6 5. Nc3 Qc7 6. Be3 a6 7. Qd2 Nf6 8.
O-O-O Bb4 9. f3 Ne5 10. g4 b5 11. g5 Nh5 12. Be2 O-O 13. a3 Be7 14. Nf5 exf5 15.
Nd5 Qd6 16. Qc3 f4 17. Nf6+ gxf6 18. Rxd6 Bxd6 19. Bd4 Re8 20. Rg1 f5 21. exf5
Bb7 22. g6 hxg6 23. fxg6 f6 24. Qb3+ Re6 25. Bxe5 fxe5 26. Rd1 Kg7 27. Rxd6 Rxd6
28. Qf7+ Kh6 29. Qh7+ Kg5 30. Qe7+ Rf6 31. Qxe5+ Kh6 32. h4 Rh8 33. g7 Kxg7 34.
Qe7+ Kh6 35. Qxd7 Bc8 36. Qd5 Bf5 37. Bd3 Rhf8 38. Qe5 Kg6 39. Kb1 Ng7 40. Qxf4
Bxd3 41. Qg4+ Kh7 42. cxd3 Rf4 43. Qd7 Rxf3 44. d4 R8f6 45. d5 Rd3 46. h5 Rd2
47. Qg4 Rxd5 48. Qe4+ Rdf5 49. Ka2 a5 50. Qe1 a4 51. Qe4 Kh6 52. Qe3+ Kxh5 53.
Qh3+ Kg6 54. Qg2+ Kh7 55. Qh1+ Nh5 56. Qe4 Kh6 57. Qe3+ Nf4 58. Qg3 Rd5 59. Qh4+
Kg6 60. Qh8 Kf5 61. Qh7+ Ke5 62. Qe7+ Ne6 63. Qb4 Rf3 64. Qe1+ Kd6 65. Qb4+ Kd7
66. Qe4 Rfd3 67. Qh7+ Kc6 68. Qg8 Nc7 69. Qg6+ Kb7 70. Qe4 Na8 71. Qe7+ Ka6 72.
Qe6+ Nb6 73. Qc6 Rd1 74. Qc2 Rh1 0-1

[Event "7th Sunway Sitges 2020"]
[Site "Sitges ESP"]
[Date "2020.12.20"]
[Round "7.10"]
[White "Nevednichy, Vladislav"]
[Black "Stefanova, Antoaneta"]
[Result "1-0"]
[WhiteTitle "GM"]
[BlackTitle "GM"]
[WhiteElo "2546"]
[BlackElo "2466"]
[WhiteFideId "1205730"]
[BlackFideId "2902257"]
[EventDate "2020.12.13"]

1. e4 c6 2. d4 d5 3. e5 c5 4. dxc5 e6 5. Nf3 Bxc5 6. Bd3 Ne7 7. O-O Ng6 8. c4
dxc4 9. Bxg6 fxg6 10. Qxd8+ Kxd8 11. Nbd2 b6 12. Nxc4 Ba6 13. Bg5+ Kc7 14. Rfc1
Nc6 15. a3 h6 16. b4 hxg5 17. bxc5 bxc5 18. Ne3 c4 19. Nxc4 Kd7 20. Ne3 Rac8 21.
Rc2 Na5 22. Nxg5 Rxc2 23. Nxc2 Rc8 24. Nd4 Bc4 25. f3 Bd5 26. Rd1 Ke7 27. Ne2
Bb3 28. Re1 Rc4 29. g3 Ra4 30. Nf4 Rxa3 31. Nxg6+ Kd7 32. Nf4 Nc6 33. Re3 Ra1+
34. Kg2 Ra2+ 35. Kh3 Bc4 36. g4 a5 37. Ngxe6 Bxe6 38. Rd3+ Ke7 39. Nxe6 Nxe5 40.
Re3 Nc4 41. Re4 Nd6 42. Re1 Kf6 43. f4 Nc4 44. Ng5 Ra3+ 45. Kh4 Ne3 46. Ne4+ Ke6
47. Kg5 Kd5 48. Ng3 Kc4 49. Nf5 Nc2 50. Re7 a4 51. Rxg7 Rh3 52. Rc7+ Kb3 53.
Rb7+ Nb4 54. Nd4+ Kc4 55. Nb5 Kc5 56. f5 Kc6 57. Rb8 Kc5 58. f6 Rf3 59. Nd4 Rf1
60. Nf5 1-0

[Event "7th Sunway Sitges 2020"]
[Site "Sitges ESP"]
[Date "2020.12.20"]
[Round "7.11"]
[White "Cornette, Matthieu"]
[Black "Msellek, Ilyass"]
[Result "1/2-1/2"]
[WhiteTitle "GM"]
[BlackTitle "FM"]
[WhiteElo "2558"]
[BlackElo "2316"]
[WhiteFideId "620084"]
[BlackFideId "675938"]
[EventDate "2020.12.13"]

1. e4 c5 2. Nf3 d6 3. Bb5+ Bd7 4. Bxd7+ Qxd7 5. c4 Nc6 6. d4 cxd4 7. Nxd4 g6 8.
Nc3 Bg7 9. Be3 Nf6 10. f3 O-O 11. Rc1 a6 12. Nxc6 Qxc6 13. b3 e6 14. Qe2 Rfd8
15. O-O Rac8 16. Rfd1 Qc7 17. Qf2 Nd7 18. Ne2 Qb8 19. Nd4 Ne5 20. a4 Nc6 21. Ne2
Rd7 22. Bb6 Bf6 23. Rc2 Bd8 24. Rcd2 Na5 25. Rd3 Bxb6 26. Qxb6 Qc7 27. Qe3 Rcd8
28. f4 Nc6 29. Kh1 Nb4 30. R3d2 d5 31. cxd5 exd5 32. e5 d4 33. Qf3 d3 34. Ng3
Rd4 35. Ne4 Qc6 36. Nf6+ Kg7 37. Qh3 h6 38. f5 Nd5 39. fxg6 fxg6 40. Rf1 Rf4 41.
Rg1 1/2-1/2

[Event "7th Sunway Sitges 2020"]
[Site "Sitges ESP"]
[Date "2020.12.20"]
[Round "7.12"]
[White "Batsiashvili, Nino"]
[Black "Krysa, Leandro"]
[Result "1-0"]
[WhiteTitle "GM"]
[BlackTitle "GM"]
[WhiteElo "2466"]
[BlackElo "2544"]
[WhiteFideId "13602993"]
[BlackFideId "116807"]
[EventDate "2020.12.13"]

1. d4 Nf6 2. c4 g6 3. Nc3 d5 4. cxd5 Nxd5 5. e4 Nxc3 6. bxc3 Bg7 7. Nf3 c5 8. h3
O-O 9. Be3 Qa5 10. Bd2 e6 11. Be2 Qc7 12. h4 Nc6 13. e5 Rd8 14. Qc1 Rd7 15. Kf1
b6 16. h5 cxd4 17. cxd4 Ne7 18. hxg6 hxg6 19. Bb5 Qxc1+ 20. Rxc1 Rd5 21. Bd3 Rd7
22. Bg5 a6 23. Be4 Bb7 24. Bxb7 Rxb7 25. Bxe7 Rxe7 26. Ke2 b5 27. g4 a5 28. g5
a4 29. Kd3 Rd7 30. Rc5 b4 31. Rc4 Rb8 32. Rb1 Bf8 33. Nd2 Be7 34. Ne4 Ra7 35.
Nf6+ Bxf6 36. gxf6 b3 37. Kc3 Rab7 38. Rxa4 bxa2 39. Rxb7 Rxb7 40. Rxa2 g5 41.
Kd3 Kh7 42. f4 gxf4 43. Ke4 Rd7 44. Rf2 Kg8 45. Rxf4 Kf8 46. Rh4 Kg8 47. Rh2 Rd8
48. Rc2 Rd7 49. Kd3 Kh7 50. Rg2 Kh8 51. Kc4 Rc7+ 52. Kb5 Rc8 53. Rg4 Rc7 54. Kb6
Rc1 55. Kb7 Rc4 56. Kb6 Rc1 57. Rg2 Rc4 58. Rd2 Kh7 59. Kb5 Rc8 60. Rg2 Kh8 61.
Rg3 Rc1 62. Kb4 Rc7 63. Rc3 Rb7+ 64. Kc4 Rc7+ 65. Kd3 Rd7 66. Rc8+ Kh7 67. Re8
Kg6 68. Rg8+ Kh7 69. Re8 Kg6 70. Ke4 Ra7 71. Rg8+ Kh7 72. Rg7+ Kh8 73. Kf4 Rb7
74. Kg5 Ra7 75. d5 Ra5 76. Rxf7 Rxd5 77. Re7 1-0

[Event "7th Sunway Sitges 2020"]
[Site "Sitges ESP"]
[Date "2020.12.20"]
[Round "7.13"]
[White "Carbonell Sancho, Marc"]
[Black "Mendonca, Leon Luke"]
[Result "1/2-1/2"]
[BlackTitle "IM"]
[WhiteElo "2318"]
[BlackElo "2530"]
[WhiteFideId "32029969"]
[BlackFideId "35028561"]
[EventDate "2020.12.13"]

1. e4 c5 2. Nf3 d6 3. d4 cxd4 4. Nxd4 Nf6 5. Nc3 a6 6. h4 e5 7. Nb3 Be7 8. Bg5
Nbd7 9. Qd2 h6 10. Be3 Nb6 11. f3 Be6 12. Bxb6 Qxb6 13. Nd5 Bxd5 14. exd5 e4 15.
O-O-O O-O 16. g4 Rfe8 17. g5 e3 18. Qh2 Nh5 19. Be2 a5 20. a3 Rac8 21. Kb1 a4
22. Nd4 Bf8 23. f4 Re4 24. Bxh5 Rxd4 25. Qh3 Rxd1+ 26. Rxd1 Rc7 27. g6 fxg6 28.
Qe6+ Kh8 29. Bxg6 Re7 30. Qc8 Kg8 31. Bf5 e2 32. Be6+ Kh7 33. Re1 Qf2 34. Qc3
Qxh4 35. f5 Rc7 36. Qd2 Be7 37. Bf7 Bg5 38. Bg6+ Kh8 39. Rxe2 Rc8 40. Qd3 Rf8
41. Qe4 Qxe4 42. Rxe4 Ra8 43. Rb4 Ra7 44. Bf7 Bf6 45. c3 g5 46. fxg6 Kg7 47. Be8
h5 48. Bxa4 Kxg6 49. Bd7 h4 50. Kc2 b5 51. Be6 Rh7 52. Rg4+ Bg5 53. Rg2 Rh8 54.
Kb3 Rf8 55. Kb4 Rb8 56. Bd7 Rb7 57. Bxb5 Kf5 58. Ka4 Ra7+ 59. Kb4 Rb7 60. Ka5 h3
61. Rf2+ Kg4 62. Bf1 Kg3 63. Rc2 Bd8+ 64. Ka6 Rh7 65. Bxh3 Rxh3 66. Kb7 Kf3 67.
Kc6 Rh6 68. Rd2 Bg5 69. Rd4 Bc1 70. Rb4 Rh2 71. Kxd6 Bxb2 72. Rb3 Ke4 73. Kc5
Rc2 74. c4 Bd4+ 75. Kb5 Ke5 76. a4 Kd6 77. a5 Ra2 78. a6 1/2-1/2

[Event "7th Sunway Sitges 2020"]
[Site "Sitges ESP"]
[Date "2020.12.20"]
[Round "7.14"]
[White "Dardha, Daniel"]
[Black "Hernando Rodrigo, Julio Antonio"]
[Result "1-0"]
[WhiteTitle "IM"]
[BlackTitle "IM"]
[WhiteElo "2485"]
[BlackElo "2275"]
[WhiteFideId "240990"]
[BlackFideId "2208350"]
[EventDate "2020.12.13"]

1. Nf3 Nf6 2. c4 g6 3. Nc3 Bg7 4. e4 d6 5. d4 O-O 6. Be2 e5 7. d5 a5 8. Bg5 h6
9. Be3 Ng4 10. Bd2 f5 11. h3 Nf6 12. exf5 gxf5 13. Qc1 f4 14. g3 e4 15. Nh4 e3
16. fxe3 fxg3 17. Ng6 Re8 18. Nf4 Na6 19. Qb1 Nc5 20. Qg6 Re5 21. h4 Bf5 22.
Qxg3 Nfe4 23. Nxe4 Nxe4 24. Qg2 Kh7 25. O-O-O c6 26. Rhg1 Re7 27. Bg4 Qf8 28.
Ne6 Bxb2+ 29. Kxb2 Qf6+ 30. Ka3 b5 31. Bxf5+ Qxf5 32. Rdf1 b4+ 33. Kb2 Qe5+ 34.
Kc2 Ng5 35. hxg5 Rxe6 36. dxe6 b3+ 37. axb3 a4 38. gxh6 axb3+ 39. Kd3 1-0

[Event "7th Sunway Sitges 2020"]
[Site "Sitges ESP"]
[Date "2020.12.20"]
[Round "7.15"]
[White "Asis Gargatagli, Hipolito"]
[Black "Lever, Erwan"]
[Result "0-1"]
[WhiteTitle "GM"]
[WhiteElo "2470"]
[BlackElo "2200"]
[WhiteFideId "2260735"]
[BlackFideId "20640099"]
[EventDate "2020.12.13"]

1. e4 c5 2. Nf3 e6 3. d4 cxd4 4. Nxd4 Nc6 5. Nc3 Qc7 6. Qd3 Nf6 7. Ndb5 Qb8 8.
Qg3 d6 9. Be3 a6 10. Nd4 Bd7 11. Bd3 b5 12. O-O-O b4 13. Nce2 Ne5 14. Kb1 a5 15.
f4 Nxd3 16. cxd3 g6 17. Qh4 Be7 18. f5 Nd5 19. Bg5 Bxg5 20. Qxg5 Nc3+ 21. bxc3
bxc3+ 22. Nb3 a4 23. Nxc3 axb3 24. a4 Qb4 25. Qf6 O-O 26. Kb2 Bxa4 27. fxe6 Bd7
28. Nd5 Qa3+ 29. Kc3 Qa5+ 30. Kd4 Qc5# 0-1

[Event "7th Sunway Sitges 2020"]
[Site "Sitges ESP"]
[Date "2020.12.20"]
[Round "7.16"]
[White "Gines Esteo, Pedro Antonio"]
[Black "Jimenez Ruano, Adrian"]
[Result "1/2-1/2"]
[WhiteTitle "IM"]
[BlackTitle "FM"]
[WhiteElo "2437"]
[BlackElo "2279"]
[WhiteFideId "32080190"]
[BlackFideId "22276050"]
[EventDate "2020.12.13"]

1. Nf3 Nf6 2. c4 e6 3. b3 b6 4. Bb2 Bb7 5. Nc3 d5 6. e3 Bd6 7. Qc2 a6 8. cxd5
exd5 9. d4 Nbd7 10. g3 O-O 11. Bg2 Rc8 12. O-O c5 13. dxc5 bxc5 14. Rfd1 Qc7 15.
Rac1 h6 16. Ne2 Qb8 17. Nh4 Be5 18. Nf5 Rfe8 19. Nf4 d4 20. Bxb7 Qxb7 21. exd4
Bxf4 22. gxf4 Qf3 23. Rd3 Qxf4 24. Rg3 Nh5 25. Rg2 Rc6 26. d5 Rg6 27. Rxg6 fxg6
28. Ng3 Qg5 29. d6 Nf4 30. Qc4+ Kf8 31. Kh1 1/2-1/2